[Event "Vasteras op"]
[Site "Vasteras"]
[Date "2018.09.30"]
[Round "7"]
[White "Akesson, Ralf"]
[Black "Jonsson, Krister"]
[Result "1-0"]
[WhiteElo "2372"]
[BlackElo "2012"]
[PlyCount "37"]
[EventDate "2018.09.28"]
[EventType "swiss"]
[EventRounds "8"]
[EventCountry "SWE"]
[SourceTitle "CBM 186 Extra"]
[Source "ChessBase"]
[SourceDate "2018.08.24"]
[SourceVersion "1"]
[SourceVersionDate "2018.08.24"]
[SourceQuality "1"]

1. Nf3 d5 2. g3 g6 3. c4 c6 4. Qb3 Bg7 5. d4 Nf6 6. Nc3 0-0 7. Bg2 dxc4 8. Qxc4 Qb6 9. 0-0 Na6 10. Rd1 Be6 11. Qa4 h6 12. h3 Rfd8 13. e4 Nc7 14. Qc2 Nb5 15. Na4 Qa5 16. Nc5 Bc8 17. a4 Nd6 18. e5 Bf5 19. Qb3 1-0

[Event "Gothenburg Kvibergspelen"]
[Site "Gothenburg"]
[Date "2018.04.22"]
[Round "7"]
[White "Jonsson, Krister"]
[Black "Ask, Josef"]
[Result "0-1"]
[WhiteElo "2047"]
[BlackElo "2173"]
[PlyCount "52"]
[EventDate "2018.04.20"]
[EventType "swiss"]
[EventRounds "8"]
[EventCountry "SWE"]
[SourceTitle "CBM 184 Extra"]
[Source "ChessBase"]
[SourceDate "2018.06.28"]
[SourceVersion "1"]
[SourceVersionDate "2018.06.28"]
[SourceQuality "1"]

1. d4 Nf6 2. c4 g6 3. Nc3 Bg7 4. e4 d6 5. f3 0-0 6. Be3 e5 7. Nge2 c6 8. Qd2 Nbd7 9. 0-0-0 a6 10. Kb1 b5 11. Nc1 exd4 12. Bxd4 Re8 13. h4 h5 14. Be3 d5 15. cxd5 b4 16. Na4 cxd5 17. Nb3 dxe4 18. Bg5 Qe7 19. Re1 Bb7 20. Na5 Bc8 21. Nb3 Qf8 22. Bc4 Ne5 23. Be2 Bf5 24. Ka1 Rad8 25. Qe3 exf3 26. Bxf3 Nd3 0-1

[Event "Lund CellaVision Cup"]
[Site "Lund"]
[Date "2016.08.05"]
[Round "2"]
[White "Jonsson, Krister"]
[Black "Sjodahl, Pontus"]
[Result "0-1"]
[WhiteElo "2095"]
[BlackElo "2420"]
[PlyCount "110"]
[EventDate "2016.08.05"]
[EventType "swiss"]
[EventRounds "8"]
[EventCountry "SWE"]
[SourceTitle "CBM 173 Extra"]
[Source "ChessBase"]
[SourceDate "2016.08.29"]
[SourceVersion "1"]
[SourceVersionDate "2016.08.29"]
[SourceQuality "1"]

1. d4 Nf6 2. c4 e6 3. Nf3 d5 4. g3 dxc4 5. Bg2 Nc6 6. Qa4 Bb4+ 7. Bd2 Nd5 8. 0-0 Nb6 9. Qc2 Bxd2 10. Qxd2 0-0 11. Rd1 a5 12. Na3 Qd6 13. Rac1 Nb4 14. Nxc4 Nxc4 15. Rxc4 c6 16. a3 Nd5 17. Rdc1 Bd7 18. Ne5 Rfc8 19. Rc5 b6 20. R5c2 Be8 21. e4 Ne7 22. Nc4 Qd8 23. e5 Nf5 24. Rd1 Rab8 25. Ne3 Ne7 26. Rdc1 h6 27. h4 Rc7 28. Be4 Rd7 29. Rd1 c5 30. d5 exd5 31. Nxd5 Nxd5 32. Bxd5 Qe7 33. Qe2 Rc7 34. Qe4 Bd7 35. Rcd2 Re8 36. f4 Bg4 37. Re1 h5 38. Bc4 Rd8 39. Rxd8+ Qxd8 40. Be2 Bxe2 41. Qxe2 Qd4+ 42. Kg2 Rd7 43. e6 Qd5+ 44. Kg1 fxe6 45. Qxe6+ Qxe6 46. Rxe6 Rd1+ 47. Kf2 Rd2+ 48. Re2 Rxe2+ 49. Kxe2 b5 50. Kd3 Kf7 51. b3 Ke6 52. a4 bxa4 53. bxa4 Kd5 54. Kc3 c4 55. f5 Kc5 0-1

[Event "SWE-chT 1415 Superettan"]
[Site "Sweden"]
[Date "2014.11.21"]
[Round "1"]
[White "Jonsson, Krister"]
[Black "Nurmi, Tommy"]
[Result "1/2-1/2"]
[WhiteElo "2095"]
[BlackElo "2061"]
[PlyCount "56"]
[EventDate "2014.11.21"]
[EventType "team-tourn"]
[EventRounds "9"]
[EventCountry "SWE"]
[SourceTitle "EXT 2018"]
[Source "ChessBase"]
[SourceDate "2017.10.13"]
[SourceVersion "1"]
[SourceVersionDate "2017.10.13"]
[SourceQuality "1"]
[WhiteTeam "Orebro"]
[BlackTeam "Limhamn II"]
[WhiteTeamCountry "SWE"]
[BlackTeamCountry "SWE"]

1. d4 Nf6 2. c4 c5 3. d5 e5 4. Nc3 d6 5. e4 Be7 6. Bd3 0-0 7. h3 Ne8 8. g4 Bg5 9. Nf3 Bxc1 10. Qxc1 Na6 11. a3 Nac7 12. Qe3 Bd7 13. b4 b6 14. Kf1 g6 15. Rb1 Qe7 16. Qh6 f6 17. Nh4 Qg7 18. Qxg7+ Nxg7 19. Rg1 Kf7 20. Kg2 Rh8 21. Nf3 g5 22. Kg3 h5 23. Rh1 Rh6 24. Rh2 Rah8 25. b5 hxg4 26. hxg4 Rxh2 27. Nxh2 Rb8 28. a4 a5 1/2-1/2

[Event "SWE-chT2 1314"]
[Site "Sweden"]
[Date "2013.11.22"]
[Round "1"]
[White "Jonsson, Krister"]
[Black "Berggren Torell, Harald"]
[Result "0-1"]
[WhiteElo "2137"]
[BlackElo "2112"]
[PlyCount "110"]
[EventDate "2013.11.22"]
[EventType "team-tourn"]
[EventRounds "9"]
[EventCountry "SWE"]
[SourceTitle "EXT 2015"]
[Source "ChessBase"]
[SourceDate "2014.11.20"]
[SourceVersion "1"]
[SourceVersionDate "2014.11.20"]
[SourceQuality "1"]
[WhiteTeam "Orebro"]
[BlackTeam "Manhem"]
[WhiteTeamCountry "SWE"]
[BlackTeamCountry "SWE"]

1. d4 d6 2. c4 e5 3. e3 Nc6 4. Nf3 g6 5. Nc3 Bg7 6. Be2 Nh6 7. dxe5 Nxe5 8. Nxe5 dxe5 9. 0-0 0-0 10. e4 c6 11. Qxd8 Rxd8 12. h3 f6 13. Be3 Nf7 14. Rfd1 Bf8 15. a3 Be6 16. b4 Rxd1+ 17. Rxd1 a5 18. c5 axb4 19. axb4 Ra3 20. Rc1 Bh6 21. Bxh6 Nxh6 22. b5 Nf7 23. Nb1 Ra1 24. Rf1 Ra2 25. Bd3 cxb5 26. Bxb5 Rc2 27. Rd1 Rxc5 28. Na3 Rc3 29. Rd3 Rxd3 30. Bxd3 Nd6 31. Kf1 Kf7 32. Ke2 Ke7 33. Kd2 g5 34. Kc3 h5 35. f3 Kd7 36. Kb4 f5 37. Nb5 Nxb5 38. exf5 Nd4 39. fxe6+ Nxe6 40. g3 Nd4 41. Be4 b6 42. Kc4 Kd6 43. f4 b5+ 44. Kd3 gxf4 45. gxf4 Ne6 46. fxe5+ Kxe5 47. Ke3 h4 48. Bd3 b4 49. Kf3 b3 50. Kg4 Nf4 51. Bb1 Ne2 52. Kxh4 Nc3 53. Bg6 Ne4 54. Bf7 b2 55. Ba2 Nc3 0-1

[Event "SWE-chT2 1213"]
[Site "Sweden"]
[Date "2013.03.15"]
[Round "7"]
[White "Jonsson, Krister"]
[Black "Carlsten, Peter"]
[Result "1/2-1/2"]
[WhiteElo "2107"]
[BlackElo "2046"]
[PlyCount "68"]
[EventDate "2012.10.20"]
[EventType "team-tourn"]
[EventRounds "9"]
[EventCountry "SWE"]
[SourceTitle "EXT 2015"]
[Source "ChessBase"]
[SourceDate "2014.11.20"]
[SourceVersion "1"]
[SourceVersionDate "2014.11.20"]
[SourceQuality "1"]
[WhiteTeam "Orebro"]
[BlackTeam "Stockholm SS"]
[WhiteTeamCountry "SWE"]
[BlackTeamCountry "SWE"]

1. d4 d5 2. c4 e6 3. Nf3 c6 4. Qc2 f5 5. g3 Nf6 6. Bg2 Bd6 7. 0-0 0-0 8. b3 Qe7 9. Nc3 Nbd7 10. Bf4 Bxf4 11. gxf4 Ne4 12. e3 Ndf6 13. Ne5 Bd7 14. f3 Nxc3 15. Qxc3 Rfd8 16. Rac1 Be8 17. Rf2 Rac8 18. Bf1 b6 19. c5 Qb7 20. b4 b5 21. a4 a6 22. Ra1 Nd7 23. axb5 axb5 24. Rfa2 Nxe5 25. fxe5 Ra8 26. Ra5 Rxa5 27. Rxa5 Ra8 28. Qa3 Rxa5 29. Qxa5 Qe7 30. Qa8 Qg5+ 31. Kf2 Qh4+ 32. Kg2 Qg5+ 33. Kf2 Qh4+ 34. Kg2 Qg5+ 1/2-1/2

[Event "SWE-chT2 1213"]
[Site "Sweden"]
[Date "2012.10.20"]
[Round "1"]
[White "Jonsson, Krister"]
[Black "Nylen, Anders"]
[Result "0-1"]
[WhiteElo "2107"]
[BlackElo "2103"]
[PlyCount "106"]
[EventDate "2012.10.20"]
[EventType "team-tourn"]
[EventRounds "9"]
[EventCountry "SWE"]
[SourceTitle "EXT 2015"]
[Source "ChessBase"]
[SourceDate "2014.11.20"]
[SourceVersion "1"]
[SourceVersionDate "2014.11.20"]
[SourceQuality "1"]
[WhiteTeam "Orebro"]
[BlackTeam "Limhamn II"]
[WhiteTeamCountry "SWE"]
[BlackTeamCountry "SWE"]

1. d4 Nf6 2. c4 g6 3. Nc3 d5 4. cxd5 Nxd5 5. e4 Nxc3 6. bxc3 Bg7 7. Bc4 c5 8. Ne2 0-0 9. 0-0 Nc6 10. Be3 Bg4 11. f3 cxd4 12. cxd4 Na5 13. Bd3 Be6 14. Rc1 Bxa2 15. Qa4 Be6 16. d5 Bd7 17. Qb4 e6 18. Nf4 exd5 19. Nxd5 Be6 20. Ne7+ Kh8 21. Bb5 Nb3 22. Rcd1 Qa5 23. Qxa5 Nxa5 24. Nd5 a6 25. Be2 Rac8 26. f4 Rfe8 27. Nb6 Rc6 28. f5 gxf5 29. exf5 Bb3 30. Rd7 Bf6 31. Rf3 Rxe3 32. Rxe3 Rxb6 33. Bh5 Kg7 34. g4 Bg5 35. Re4 Nc6 36. Kg2 Nb8 37. Rdd4 Bf6 38. Rd2 Bc3 39. Rd8 Nc6 40. Rd7 Ne5 41. Rd8 Kf6 42. Kg3 h6 43. h4 a5 44. Kf4 Rb4 45. g5+ hxg5+ 46. hxg5+ Kg7 47. f6+ Kh7 48. Rxb4 axb4 49. Re8 Be6 50. Re7 b5 51. Bd1 Ng6+ 52. Ke3 Nxe7 53. fxe7 Bd7 0-1

[Event "Paleochora op 5th"]
[Site "Paleochora"]
[Date "2012.07.23"]
[Round "9"]
[White "Videnova, Iva"]
[Black "Jonsson, Krister"]
[Result "1-0"]
[WhiteElo "2328"]
[BlackElo "2117"]
[PlyCount "123"]
[EventDate "2012.07.16"]
[EventType "swiss"]
[EventRounds "9"]
[EventCountry "GRE"]
[SourceTitle "CBM 149 Extra"]
[Source "ChessBase"]
[SourceDate "2012.08.24"]
[SourceVersion "1"]
[SourceVersionDate "2012.08.24"]
[SourceQuality "1"]

1. e4 e6 2. d4 d5 3. Nc3 Nf6 4. e5 Nfd7 5. f4 c5 6. Nf3 Nc6 7. Be3 a6 8. Qd2 b5 9. a3 Qb6 10. Ne2 Bb7 11. dxc5 Bxc5 12. Ned4 Qc7 13. b4 Nxd4 14. Nxd4 Be7 15. Bd3 Nb6 16. 0-0 Nc4 17. Qc3 Rc8 18. Bf2 g5 19. fxg5 Bxg5 20. Nf3 Bh6 21. Qd4 Kd7 22. Qh4 Be3 23. Bxe3 Nxe3 24. Rf2 Rcf8 25. Qd4 Nc4 26. a4 Rhg8 27. axb5 axb5 28. Bxh7 Rg7 29. Bd3 Rfg8 30. h3 Rg3 31. Re1 Kc8 32. Kf1 Kb8 33. Nh2 f5 34. exf6 e5 35. Qh4 e4 36. f7 Rf8 37. Bxc4 bxc4 38. Qf6 e3 39. Rf3 d4 40. Qxd4 Bxf3 41. Nxf3 Rxf7 42. Rxe3 Rg8 43. Re5 Qc6 44. Rd5 Rfg7 45. Qe5+ Ka8 46. Qe4 Rc8 47. b5 Re7 48. Qd4 Qh6 49. Rg5 Rf8 50. Qd5+ Kb8 51. Kg1 Qf6 52. c3 Qf4 53. Rg4 Qe3+ 54. Kh2 Rfe8 55. Rxc4 Re4 56. Qd6+ Ka8 57. Qa6+ Kb8 58. Qd6+ Ka8 59. Rc7 Qf4+ 60. Qxf4 Rxf4 61. Nd4 Kb8 62. b6 1-0

[Event "Deltalift op"]
[Site "Tylosand"]
[Date "2012.05.18"]
[Round "5"]
[White "Jonsson, Krister"]
[Black "Sandstrom, Anders"]
[Result "1/2-1/2"]
[WhiteElo "2109"]
[BlackElo "1999"]
[PlyCount "36"]
[EventDate "2012.05.17"]
[EventType "swiss"]
[EventRounds "8"]
[EventCountry "SWE"]
[SourceTitle "CBM 148 Extra"]
[Source "ChessBase"]
[SourceDate "2012.06.22"]
[SourceVersion "1"]
[SourceVersionDate "2012.06.22"]
[SourceQuality "1"]

1. d4 d5 2. c4 c6 3. Nf3 Nf6 4. Qc2 e6 5. g3 Nbd7 6. Bg2 Bd6 7. 0-0 0-0 8. Rd1 Qe7 9. Nc3 dxc4 10. Nd2 Nb6 11. Nce4 Nxe4 12. Bxe4 f5 13. Bg2 e5 14. Nxc4 Nxc4 15. Qxc4+ Be6 16. d5 Bf7 17. Qa4 c5 18. Bd2 a6 1/2-1/2

[Event "SWE-chT2 1112"]
[Site "Sweden"]
[Date "2012.03.09"]
[Round "7"]
[White "Dolgov, Mikhail"]
[Black "Jonsson, Krister"]
[Result "0-1"]
[WhiteElo "2016"]
[BlackElo "2072"]
[PlyCount "124"]
[EventDate "2011.10.22"]
[EventType "team-tourn"]
[EventRounds "9"]
[EventCountry "SWE"]
[SourceTitle "EXT 2013"]
[Source "ChessBase"]
[SourceDate "2012.11.22"]
[SourceVersion "1"]
[SourceVersionDate "2012.11.22"]
[SourceQuality "1"]
[WhiteTeam "Rodeby"]
[BlackTeam "Orebro"]
[WhiteTeamCountry "SWE"]
[BlackTeamCountry "SWE"]

1. e4 e6 2. d4 d5 3. e5 c5 4. c3 Nc6 5. Nf3 Qb6 6. a3 c4 7. g3 Bd7 8. h4 Na5 9. Nbd2 Rc8 10. Ng5 Be7 11. Qh5 g6 12. Qe2 Ba4 13. Ndf3 Qb3 14. h5 Qc2 15. Be3 gxh5 16. Rc1 Qg6 17. Nh4 Qg7 18. Qxh5 Rc6 19. f4 Bxg5 20. fxg5 Ne7 21. Qf3 Ng6 22. Rh2 Rb6 23. Rf2 Nxh4 24. gxh4 Ke7 25. h5 Rg8 26. Bh3 Rf8 27. Bg4 Kd7 28. Kf1 Kc7 29. Kg2 a6 30. Rcf1 Kb8 31. Bc1 Nb3 32. h6 Qg8 33. Be3 Be8 34. Qf6 Qg6 35. Qe7 Rg8 36. Kh3 Qe4 37. Rf3 Ka7 38. Bh5 f5 39. Bxe8 Qg4+ 40. Kh2 Na1 41. R1f2 Nc2 42. Rg3 Qh4+ 43. Rh3 Qe4 44. Bc1 Ne1 45. Bf7 Nd3 46. Rxd3 cxd3 47. g6 Qe1 48. Rg2 Qxc1 49. Bxg8 Qxh6+ 50. Kg1 hxg6 51. b4 Qe3+ 52. Kh2 d2 53. Rxd2 Qxd2+ 54. Kg1 Qxc3 55. Qc5 Qxc5 56. dxc5 Rc6 57. Kf2 b6 58. Ke3 bxc5 59. bxc5 Kb7 60. Kd4 Kc7 61. Bf7 g5 62. Be8 a5 0-1

[Event "SWE-chT2 1011"]
[Site "Sweden"]
[Date "2010.10.24"]
[Round "1"]
[White "Jonsson, Krister"]
[Black "Lindgren, Fredrik"]
[Result "1-0"]
[WhiteElo "2075"]
[BlackElo "2214"]
[PlyCount "68"]
[EventDate "2010.10.23"]
[EventType "team-tourn"]
[EventRounds "9"]
[EventCountry "SWE"]
[SourceTitle "EXT 2012"]
[Source "ChessBase"]
[SourceDate "2011.11.24"]
[SourceVersion "1"]
[SourceVersionDate "2011.11.24"]
[SourceQuality "1"]
[WhiteTeam "Orebro"]
[BlackTeam "Umea Rockaden"]
[WhiteTeamCountry "SWE"]
[BlackTeamCountry "SWE"]

1. d4 Nf6 2. c4 e6 3. Nf3 b6 4. Nc3 Bb7 5. Bg5 h6 6. Bh4 Be7 7. Qc2 d5 8. e3 Nbd7 9. cxd5 exd5 10. Bd3 0-0 11. 0-0 c5 12. Bf5 Re8 13. Rfd1 c4 14. Ne5 a6 15. a4 Qc7 16. f4 Bb4 17. Rf1 Bxc3 18. bxc3 Nxe5 19. fxe5 Ne4 20. Rab1 g6 21. Bxe4 dxe4 22. Rf6 Re6 23. Rxe6 fxe6 24. Bf6 Bd5 25. Qb2 Rb8 26. Qb4 b5 27. Be7 Rb7 28. Bd6 Qc6 29. Qa5 bxa4 30. Qd8+ Kh7 31. Rf1 Qd7 32. Qf8 Qg7 33. Qd8 Qd7 34. Qh4 a3 1-0

[Event "Norrkoeping Easter op"]
[Site "Norrkoeping"]
[Date "2010.04.05"]
[Round "8"]
[White "Jonsson, Krister"]
[Black "Lindberg, Henrik"]
[Result "1/2-1/2"]
[WhiteElo "2078"]
[BlackElo "2245"]
[PlyCount "112"]
[EventDate "2010.04.02"]
[EventType "swiss"]
[EventRounds "8"]
[EventCountry "SWE"]
[SourceTitle "CBM 135 Extra"]
[Source "ChessBase"]
[SourceDate "2010.05.04"]
[SourceVersion "1"]
[SourceVersionDate "2010.05.04"]
[SourceQuality "1"]

1. d4 Nf6 2. c4 e6 3. Nc3 Bb4 4. Nf3 b6 5. Bg5 Bb7 6. e3 h6 7. Bh4 Be7 8. Bd3 c5 9. 0-0 0-0 10. Qe2 d6 11. Rad1 Nbd7 12. a3 Rc8 13. Rfe1 Re8 14. h3 a6 15. Bg3 Qc7 16. Rd2 Qb8 17. b4 Qa8 18. dxc5 bxc5 19. b5 Nb6 20. Red1 axb5 21. Nxb5 Red8 22. Bc2 d5 23. cxd5 Bxd5 24. Nc7 Qxa3 25. Nxd5 Nbxd5 26. Qc4 Nb4 27. Bb3 Rxd2 28. Rxd2 Nbd5 29. Ra2 Qb4 30. Ra7 Qxc4 31. Bxc4 Kf8 32. Ne5 Nb6 33. Ba6 Ra8 34. Rxa8+ Nxa8 35. Nc4 Nd5 36. Be5 Nab6 37. e4 Nxc4 38. Bxc4 Nf6 39. f3 Nd7 40. Bc7 Nf6 41. Kf2 Ne8 42. Be5 Bf6 43. Bf4 Bd4+ 44. Ke2 Ke7 45. Kd3 Nf6 46. Bc1 Nd7 47. f4 g5 48. Bb5 f6 49. Bd2 Nf8 50. Ke2 Ng6 51. g3 gxf4 52. gxf4 Nh4 53. Be1 Ng6 54. Bd2 Nh4 55. Be1 Ng6 56. Bd2 Nh4 1/2-1/2

[Event "SWE-chT2 0809"]
[Site "Sweden"]
[Date "2009.03.14"]
[Round "8"]
[White "Elenius, Erik"]
[Black "Jonsson, Krister"]
[Result "1-0"]
[WhiteElo "2051"]
[BlackElo "2044"]
[PlyCount "67"]
[EventDate "2008.10.25"]
[EventType "team-tourn"]
[EventRounds "9"]
[EventCountry "SWE"]
[SourceTitle "EXT 2011"]
[Source "ChessBase"]
[SourceDate "2010.11.26"]
[SourceVersion "1"]
[SourceVersionDate "2010.11.26"]
[SourceQuality "1"]

1. e4 c5 2. c3 e6 3. d4 d5 4. e5 Nc6 5. Nf3 Qb6 6. a3 c4 7. Nbd2 Bd7 8. b3 cxb3 9. Nxb3 Na5 10. Nxa5 Qxa5 11. Bd2 Ba4 12. Qb1 Qc7 13. Bd3 Ne7 14. 0-0 Nc6 15. c4 dxc4 16. Bxc4 Be7 17. Bd3 Rd8 18. Rc1 a6 19. Ra2 Qd7 20. Be3 h6 21. Be4 0-0 22. d5 exd5 23. Bf5 Qe8 24. Bb6 Ra8 25. Qd3 Bd8 26. Bc5 Be7 27. Qxd5 Rd8 28. Bd6 Nxe5 29. Qxe5 Bxd6 30. Qa5 Bc6 31. Re1 b6 32. Qc3 Be7 33. Rae2 Bf6 34. Qc1 1-0

[Event "SWE-chT2 0809"]
[Site "Sweden"]
[Date "2009.02.07"]
[Round "5"]
[White "Logdahl, Ulf"]
[Black "Jonsson, Krister"]
[Result "0-1"]
[WhiteElo "1990"]
[BlackElo "2044"]
[PlyCount "146"]
[EventDate "2008.10.25"]
[EventType "team-tourn"]
[EventRounds "9"]
[EventCountry "SWE"]
[SourceTitle "EXT 2011"]
[Source "ChessBase"]
[SourceDate "2010.11.26"]
[SourceVersion "1"]
[SourceVersionDate "2010.11.26"]
[SourceQuality "1"]

1. f4 d5 2. e3 g6 3. d3 Bg7 4. Nf3 Nf6 5. Be2 0-0 6. 0-0 c5 7. Qe1 Nc6 8. c3 b5 9. Ne5 Qc7 10. Nxc6 Qxc6 11. Nd2 Bf5 12. Qh4 c4 13. Nf3 cxd3 14. Bxd3 Bxd3 15. Ne5 Qc7 16. Nxd3 Ne4 17. Qe1 Rfd8 18. Bd2 Rac8 19. Rd1 Qc4 20. Nc1 a5 21. a3 e6 22. Ne2 Qb3 23. Bc1 b4 24. axb4 axb4 25. cxb4 Bxb2 26. Bxb2 Qxb2 27. Rb1 Qd2 28. Nd4 Rc3 29. Rb3 Rxb3 30. Nxb3 Qxe1 31. Rxe1 Rb8 32. Nc5 Rxb4 33. Nxe4 Rxe4 34. Kf2 d4 35. exd4 Rxf4+ 36. Ke3 Rf5 37. Rd1 Kg7 38. Rd2 h5 39. Ke4 Kf6 40. Ke3 Rd5 41. Rf2+ Ke7 42. Ra2 g5 43. Ra7+ Kf6 44. Rb7 Kg6 45. Rb6 Kf5 46. Rb7 f6 47. Rb2 Ra5 48. Rf2+ Kg6 49. Rb2 f5 50. Ke2 f4 51. h3 Kf5 52. Kf2 g4 53. hxg4+ hxg4 54. Rc2 g3+ 55. Ke2 Ke4 56. Rc6 Ra2+ 57. Kf1 Rf2+ 58. Kg1 Kd5 59. Ra6 Rd2 60. Kf1 Rxd4 61. Ke2 e5 62. Ra2 Ke4 63. Rb2 Ra4 64. Rd2 Ra1 65. Rb2 Rg1 66. Rb4+ Kf5 67. Rb8 Rxg2+ 68. Kf1 Rf2+ 69. Kg1 f3 70. Rg8 Kf4 71. Rf8+ Ke3 72. Re8 e4 73. Re7 Ra2 0-1

[Event "SWE-chT2 0809"]
[Site "Sweden"]
[Date "2009.01.17"]
[Round "4"]
[White "Carlsten, Peter"]
[Black "Jonsson, Krister"]
[Result "1-0"]
[WhiteElo "2096"]
[BlackElo "2044"]
[PlyCount "69"]
[EventDate "2008.10.25"]
[EventType "team-tourn"]
[EventRounds "9"]
[EventCountry "SWE"]
[SourceTitle "EXT 2011"]
[Source "ChessBase"]
[SourceDate "2010.11.26"]
[SourceVersion "1"]
[SourceVersionDate "2010.11.26"]
[SourceQuality "1"]

1. e4 e6 2. d4 d5 3. Nd2 Nf6 4. e5 Nfd7 5. f4 c5 6. c3 Nc6 7. Ndf3 f6 8. a3 c4 9. b3 cxb3 10. Qxb3 Na5 11. Qa4 Qc7 12. Rb1 Be7 13. g3 0-0 14. Bh3 f5 15. Ne2 Nc4 16. 0-0 Ndb6 17. Qb3 Bd7 18. Ra1 Ba4 19. Qb1 Rac8 20. g4 g6 21. Kh1 Kh8 22. Rg1 Na5 23. gxf5 gxf5 24. Bf1 Nbc4 25. Ng5 Qc6 26. Qd3 Rc7 27. Nxh7 Rf7 28. Qg3 Qe8 29. Ng5 Bxg5 30. fxg5 Bc2 31. g6 Rg7 32. Bg5 Be4+ 33. Bg2 Qxg6 34. Bxe4 dxe4 35. Nf4 1-0

[Event "Politiken Cup 29th"]
[Site "Copenhagen"]
[Date "2007.07.27"]
[Round "8"]
[White "Jonsson, Krister"]
[Black "Holm Pedersen, Sejer"]
[Result "0-1"]
[WhiteElo "2114"]
[BlackElo "2262"]
[PlyCount "98"]
[EventDate "2007.07.21"]
[EventType "swiss"]
[EventRounds "10"]
[EventCountry "DEN"]
[SourceTitle "CBM 119 Extra"]
[Source "ChessBase"]
[SourceDate "2007.09.04"]
[SourceVersion "1"]
[SourceVersionDate "2007.09.04"]
[SourceQuality "1"]

1. d4 d5 2. c4 e6 3. Nc3 c5 4. cxd5 exd5 5. Nf3 Nc6 6. g3 Nf6 7. Bg2 Be7 8. 0-0 c4 9. Bg5 0-0 10. Ne5 Ng4 11. Bxe7 Nxe7 12. Nxg4 Bxg4 13. b3 Qa5 14. Rc1 Rad8 15. f3 Be6 16. Kh1 b5 17. e4 cxb3 18. axb3 Qb6 19. Ne2 dxe4 20. fxe4 Bg4 21. Bf3 Bxf3+ 22. Rxf3 f5 23. Qd3 Qb7 24. Re3 a6 25. Kg1 Qd7 26. Rc5 fxe4 27. Qxe4 Nd5 28. Qe6+ Qxe6 29. Rxe6 Nb4 30. Re7 Rf7 31. Rcc7 Rxe7 32. Rxe7 Kf8 33. Rc7 Re8 34. Kf2 Re7 35. Rxe7 Kxe7 36. Ke3 Nd5+ 37. Ke4 Kd6 38. Kd3 a5 39. Nc1 Ke6 40. Ne2 Kf5 41. h3 h5 42. Ng1 Nb4+ 43. Ke3 a4 44. bxa4 bxa4 45. Kd2 Ke4 46. Kc3 Nd5+ 47. Kc4 a3 48. Kb3 Kxd4 49. g4 Ne3 0-1